00673nam a2200205Ia 450000500170000000800410001702000180005804100120007608200160008810000240010424501450012825000120027326000360028530000210032165000210034265000330036365000270039665000240042370000200044720260429112014.0260429s9999||||xx |||||||||||||| ||und|| a9781032699264 aEnglish a379.26bTAT aTatto, Maria Teresa 0aEmpowering teachers for equitable and sustainable education : baction research, teacher agency, and online community / cMaria Teresa Tatto a1st ed. aNew Delhi : bRoutledge,c2024. axxii, 268 p.; hb a Action research a Online learning communities a Sustainable education aTeacher empowerment a Brown, Lindsey